| 000 | 00595cam a2200193 4500500 | ||
|---|---|---|---|
| 005 | 20260329004057.0 | ||
| 041 | _afre | ||
| 042 | _adc | ||
| 100 | 1 | 0 |
_aNathan, Tobie _eauthor |
| 700 | 1 | 0 |
_aNathan, Tobie _eauthor |
| 245 | 0 | 0 | _aCamembert. La guerre du cru et du cuit |
| 260 | _c2018. | ||
| 500 | _a87 | ||
| 690 | _aCamembert | ||
| 690 | _aClaude Lévi-Strauss | ||
| 690 | _aTobie Nathan | ||
| 786 | 0 | _nPhilosophie magazine | 121 | 8 | 2018-07-01 | p. 14-14 | 1951-1787 | |
| 856 | 4 | 1 | _uhttps://shs.cairn.info/magazine-philosophie-magazine-2018-8-page-14?lang=fr&redirect-ssocas=7080 |
| 999 |
_c1830431 _d1830431 |
||